Normal view
MARC view
Entry Personal Name
001 - CONTROL NUMBER
- control field: 264794
003 - CONTROL NUMBER IDENTIFIER
- control field: OSt
005 - DATE AND TIME OF LATEST TRANSACTION
- control field: 20260601094013.0
008 - FIXED-LENGTH DATA ELEMENTS
- fixed length control field: 260601|| aca||aabn | a|a d
040 ## - CATALOGING SOURCE
- Original cataloging agency: OSt
- Transcribing agency: OSt
100 ## - HEADING--PERSONAL NAME
- Personal name: HEGDE (B M).
- Dates associated with a name: ಹೆಗ್ಡೆ (ಬಿ ಎಂ)
670 ## - SOURCE DATA FOUND
- Source citation: Work cat.: (OSt)100184: HEGDE (B M). ಹೆಗ್ಡೆ (ಬಿ ಎಂ), Saukhya sanjivini., 1996